00185nam a2200073Ia 4500008004100000100001200041245002900053260002900082120527s9999 xx 000 0 und d aUKA, K. aM.D YUSUF Beyond the cop bProfiles and Biographies